| 000 | 00653nam a22002417a 4500 | ||
|---|---|---|---|
| 008 | 130513b xxu||||| |||| 00| 0 eng d | ||
| 020 | _a0521779634 | ||
| 024 | _cavailable | ||
| 037 | _cavailable | ||
| 040 | _aMBSTU LIbrary | ||
| 082 |
_222 _a425 REE |
||
| 100 | _a Redman,Stuart | ||
| 110 | _aPamelu, Jermy Comfort [et...al] | ||
| 245 | _a English vocabulary in use | ||
| 260 |
_aNew York _bCambridge University Press _c2003 |
||
| 300 |
_a19 cm _b270 page _f1 _g19 cm |
||
| 600 | _aEnglish Grammar | ||
| 700 | _aRedman, Stuart | ||
| 270 |
_aNew York _bNew York _dUSA |
||
| 365 |
_b166.00 _d166.00 |
||
| 942 |
_2ddc _cBK |
||
| 999 |
_c364 _d364 |
||